MARC details
| 000 -CABECERA |
| campo de control de longitud fija |
02217nab a2200289 a 4500 |
| 005 - FECHA Y HORA DE LA ÚLTIMA TRANSACCIÓN |
| campo de control |
20250618103957.0 |
| 008 - ELEMENTOS DE LONGITUD FIJA--INFORMACIÓN GENERAL |
| campo de control de longitud fija |
991125c2015 ck fr p o 000 0 spa d |
| 035 ## - NÚMERO DE CONTROL DEL SISTEMA |
| Número de control de sistema |
UPN01000209670 |
| 040 ## - FUENTE DE LA CATALOGACIÓN |
| Centro catalogador/agencia de origen |
MX-MxUPN |
| Lengua de catalogación |
spa |
| Centro/agencia transcriptor |
MX-MxUPN |
| Normas de descripción |
aacr2 |
| 049 ## - COLECCIÓN |
| Colección |
ART-E |
| 100 1# - ASIENTO PRINCIPAL--NOMBRE PERSONAL |
| Nombre de persona |
Reyna, Cecilia |
| 100 1# - ASIENTO PRINCIPAL--NOMBRE PERSONAL |
| Filiación |
ceciliareyna@gmail.com |
| 100 1# - ASIENTO PRINCIPAL--NOMBRE PERSONAL |
| Nombre de persona |
Brussino, Silvina Alejandra |
| 245 10 - MENCIÓN DE TÍTULO |
| Título |
Diferencias de edad y género en comportamiento social, temperamento y regulación emocional en niños argentinos |
| 506 0# - NOTA DE RESTRICCIONES AL ACCESO |
| Limitaciones de acceso |
Acceso abierto |
| 520 3# - NOTA DE RESUMEN, ETC. |
| Sumario, etc. |
El objetivo de esta investigación fue evaluar las diferencias en función de la edad, el género y el nivel socio-económico en el comportamiento social (habilidades sociales y problemas de conducta), la atención focalizada, el control inhibitorio, la emocionalidad (positiva y negativa) y la regulación emocional (positiva y negativa) en niños argentinos de tres, cinco y siete años de edad. Se realizó un estudio evolutivo transversal en el cual participaron los padres y docentes de 623 niños. Los padres brindaron información acerca de aspectos socio-demográficos, y sobre el temperamento y procesos emocionales de los niños, mientras que los docentes lo hicieron con respecto al comportamiento social de los niños. El estudio de las comparaciones entre grupos se efectuó a través de análisis de varianza. Las diferencias más marcadas se atribuyeron, en primer lugar, a la edad de los niños, y en segundo lugar, al género. En términos generales, los niños de tres años mostraron un menor desempeño que el resto de los grupos, pero el desarrollo no fue lineal en todos los procesos ya que los niños de cinco años presentaron un desempeño semejante o mejor en comparación con los niños de siete años, según algunas variables. |
| 650 #2 - ASIENTO SECUNDARIO DE MATERIA - TERMINO TEMATICO |
| Término de materia o nombre geográfico como elemento de entrada |
Habilidades sociales |
| 9 (RLIN) |
2857 |
| 650 #4 - ASIENTO SECUNDARIO DE MATERIA - TERMINO TEMATICO |
| Término de materia o nombre geográfico como elemento de entrada |
Temperamento |
| 9 (RLIN) |
17902 |
| 650 #4 - ASIENTO SECUNDARIO DE MATERIA - TERMINO TEMATICO |
| Término de materia o nombre geográfico como elemento de entrada |
Emociones |
| 9 (RLIN) |
39 |
| 653 0# - TERMINO DE INDIZACION - NO CONTROLADO |
| Término no controlado |
Diferencias de edad |
| 653 0# - TERMINO DE INDIZACION - NO CONTROLADO |
| Término no controlado |
Niños |
| 773 ## - ENLACE AL DOCUMENTO FUENTE/ENTRADA DE REGISTRO ANFITRIÓN |
| Parte(s) relacionada(s) |
Vol. 18, no. 2 (2015), p. 51-64 |
| Título |
Acta colombiana de psicología |
| Número Internacional Normalizado para Publicaciones Seriadas |
1909-9711 |
| 856 4# - LOCALIZACIÓN Y ACCESO ELECTRÓNICOS |
| Identificador Uniforme del Recurso |
<a href="https://actacolombianapsicologia.ucatolica.edu.co/article/view/114">https://actacolombianapsicologia.ucatolica.edu.co/article/view/114</a> |
| 902 ## - ELEMENTOS DE DATOS B LOCAL, LDB (RLIN) |
| Creó |
Gloria Jiménez/180625 |
| 905 ## - TIPO DE MATERIAL |
| Tipo de material |
Articulo |
| 942 ## - ELEMENTOS DE PUNTO DE ACCESO ADICIONAL (KOHA) |
| Tipo de ítem Koha |
Artículo Electrónico |